Đánh giá năng lực nghề nghiệp của nhân lực trong lĩnh vực nhà hàng - khách sạn tại thành phố Cần Thơ : Luận văn Thạc sĩ Kinh tế. Chuyên ngành Quản trị kinh doanh

Phân tích thực trạng và đánh giá năng lực nghề nghiệp của nguồn nhân lực hoạt động trực tiếp trong lĩnh vực nhà hàng-khách sạn tại thành phố Cần Thơ.

Gardado en:
Detalles Bibliográficos
Autor Principal: Bùi, Tuấn Cường
Formato: Libro
Idioma:Undetermined
Publicado: Cần Thơ Trường Đại học Cần Thơ 2017
Những chủ đề:
Các nhãn: Engadir etiqueta
Sen Etiquetas, Sexa o primeiro en etiquetar este rexistro!
Thư viện lưu trữ: Trung tâm Học liệu Trường Đại học Cần Thơ
LEADER 01093nam a2200205Ia 4500
001 CTU_224981
008 210402s9999 xx 000 0 und d
082 |a 658.3 
082 |b C561 
100 |a Bùi, Tuấn Cường 
245 0 |a Đánh giá năng lực nghề nghiệp của nhân lực trong lĩnh vực nhà hàng - khách sạn tại thành phố Cần Thơ : 
245 0 |b Luận văn Thạc sĩ Kinh tế. Chuyên ngành Quản trị kinh doanh 
245 0 |c Bùi Tuấn Cường ; Huỳnh Trường Huy (Cán bộ hướng dẫn) 
260 |a Cần Thơ 
260 |b Trường Đại học Cần Thơ 
260 |c 2017 
520 |a Phân tích thực trạng và đánh giá năng lực nghề nghiệp của nguồn nhân lực hoạt động trực tiếp trong lĩnh vực nhà hàng-khách sạn tại thành phố Cần Thơ. 
650 |a Personnel management,Quản trị nhân sự 
910 |b nthai 
980 |a Trung tâm Học liệu Trường Đại học Cần Thơ